[Event "Prague op-A 09th"]
[Site "Prague"]
[Date "2010.01.12"]
[Round "5"]
[White "Yatsenko, Alexey"]
[Black "Kanovsky, David"]
[Result "1/2-1/2"]
[WhiteElo "2468"]
[BlackElo "2471"]
[PlyCount "44"]
[EventDate "2010.01.08"]
[EventType "swiss"]
[EventRounds "9"]
[EventCountry "CZE"]
[SourceTitle "CBM 134 Extra"]
[Source "ChessBase"]
[SourceDate "2010.03.03"]
[SourceVersion "1"]
[SourceVersionDate "2010.03.03"]
[SourceQuality "1"]

1. Nf3 g6 2. d4 Bg7 3. c4 c5 4. dxc5 Qa5+ 5. Nc3 Nf6 6. Qa4 Qxc5 7. Be3 Qh5 8. Nb5 Na6 9. Bd4 0-0 10. e3 d6 11. Be2 Nc5 12. Qa3 Bg4 13. h3 a6 14. Nc7 Rac8 15. Bxf6 Rxc7 16. Bxg7 Kxg7 17. 0-0 Bxf3 18. Bxf3 Qe5 19. Rfd1 Rfc8 20. Rd5 Qf6 21. Rad1 Ne6 22. Be2 h5 1/2-1/2

[Event "Prague op-A 09th"]
[Site "Prague"]
[Date "2010.01.08"]
[Round "1"]
[White "Yatsenko, Alexey"]
[Black "Jancarik, Joel"]
[Result "1-0"]
[WhiteElo "2468"]
[BlackElo "2123"]
[PlyCount "63"]
[EventDate "2010.01.08"]
[EventType "swiss"]
[EventRounds "9"]
[EventCountry "CZE"]
[SourceTitle "CBM 134 Extra"]
[Source "ChessBase"]
[SourceDate "2010.03.03"]
[SourceVersion "1"]
[SourceVersionDate "2010.03.03"]
[SourceQuality "1"]

1. Nf3 Nf6 2. c4 g6 3. Nc3 Bg7 4. d4 0-0 5. Bg5 d6 6. e3 Nbd7 7. Be2 c6 8. Qc2 Re8 9. 0-0 Qc7 10. h3 e5 11. Rfd1 h6 12. Bh4 Nh7 13. Bg3 f5 14. Rac1 a5 15. a3 g5 16. c5 dxc5 17. Qxf5 cxd4 18. exd4 Qb6 19. Qg6 Rf8 20. dxe5 Nc5 21. Nd5 Qxb2 22. Ne7+ Kh8 23. Rc2 Qxa3 24. Rxc5 Qxc5 25. Bd3 Bf5 26. Nxf5 Rxf5 27. Qxf5 Nf8 28. Qf7 b5 29. Bb1 Ra7 30. Qh5 Qe7 31. Nd4 Ra6 32. Nf5 1-0

[Event "Cheliabinsk YUURGU-65"]
[Site "Cheliabinsk"]
[Date "2008.10.07"]
[Round "6"]
[White "Yatsenko, Alexey"]
[Black "Sveshnikov, Evgeny"]
[Result "1/2-1/2"]
[WhiteElo "2469"]
[BlackElo "2525"]
[PlyCount "29"]
[EventDate "2008.10.02"]
[EventType "tourn"]
[EventRounds "9"]
[EventCountry "RUS"]
[EventCategory "9"]
[SourceTitle "CBM 126 Extra"]
[Source "ChessBase"]
[SourceDate "2008.11.05"]
[SourceVersion "1"]
[SourceVersionDate "2008.11.05"]
[SourceQuality "1"]

1. Nf3 d5 2. g3 Nf6 3. Bg2 Bf5 4. 0-0 e6 5. c4 c6 6. d3 dxc4 7. dxc4 Qxd1 8. Rxd1 Nbd7 9. b3 Bc2 10. Rf1 Bc5 11. Bb2 0-0 12. Nc3 h6 13. Rac1 Bh7 14. Rfd1 Rfd8 15. h3 1/2-1/2

[Event "Cheliabinsk Region-ch"]
[Site "Satka"]
[Date "2008.07.06"]
[Round "1"]
[White "Timoscenko, Gennadij A"]
[Black "Yatsenko, Alexey"]
[Result "0-1"]
[WhiteElo "2467"]
[BlackElo "2483"]
[PlyCount "120"]
[EventDate "2008.07.06"]
[EventType "tourn"]
[EventRounds "13"]
[EventCountry "RUS"]
[EventCategory "11"]
[SourceTitle "CBM 125 Extra"]
[Source "ChessBase"]
[SourceDate "2008.09.01"]
[SourceVersion "1"]
[SourceVersionDate "2008.09.01"]
[SourceQuality "1"]

1. d4 d6 2. e4 Nf6 3. Nc3 e5 4. dxe5 dxe5 5. Qxd8+ Kxd8 6. Bc4 Ke8 7. Nf3 Bd6 8. Bg5 Be6 9. Bxe6 fxe6 10. Nd2 Nc6 11. f3 a6 12. 0-0-0 h6 13. Be3 Ke7 14. Ne2 Nd7 15. Nb3 b5 16. Kb1 a5 17. Nbc1 Rhb8 18. Nd3 a4 19. c3 Na5 20. Kc2 c5 21. Bf2 Nc4 22. Kb1 Ra6 23. Rc1 Rba8 24. Rc2 Kd8 25. Ng3 Kc7 26. Nf1 Kc6 27. Nd2 Ndb6 28. Nxc4 bxc4 29. Nc1 a3 30. b3 Ra5 31. h4 Rb5 32. Ka1 Rb8 33. Rd1 Bc7 34. Rdd2 Na4 35. Bg3 R5b7 36. Rd1 Nb2 37. Rdd2 g6 38. Bh2 g5 39. hxg5 hxg5 40. g4 Rh8 41. Rg2 Rbb8 42. Bg1 Rh3 43. Be3 Rg8 44. b4 cxb4 45. cxb4 Rxf3 46. Rc3 Bb6 47. Bd2 Rxc3 48. Bxc3 Bd4 49. Ne2 Rf8 50. Kb1 Bxc3 51. Nxc3 Nd3 52. Rh2 Rf1+ 53. Kc2 Nxb4+ 54. Kd2 Rf3 55. Ne2 Nxa2 56. Rh8 c3+ 57. Kc2 Rf2 58. Kd3 c2 59. Rc8+ Kd7 60. Rxc2 Nb4+ 0-1

[Event "RUS-chT2"]
[Site "Sochi"]
[Date "2008.04.11"]
[Round "9"]
[White "Yatsenko, Alexey"]
[Black "Pushkarev, Dmitry"]
[Result "1/2-1/2"]
[WhiteElo "2442"]
[BlackElo "2363"]
[PlyCount "66"]
[EventDate "2008.04.03"]
[EventType "team-tourn"]
[EventRounds "9"]
[EventCountry "RUS"]
[SourceTitle "CBM 123 Extra"]
[Source "ChessBase"]
[SourceDate "2008.05.06"]
[SourceVersion "1"]
[SourceVersionDate "2008.05.06"]
[SourceQuality "1"]

1. Nf3 d5 2. g3 Nf6 3. Bg2 c6 4. 0-0 Bf5 5. d3 h6 6. Nbd2 Nbd7 7. b3 e5 8. Bb2 Bd6 9. Re1 Be6 10. e4 Qc7 11. exd5 cxd5 12. c4 d4 13. Rc1 a5 14. c5 Bxc5 15. Ba3 0-0 16. Nxe5 Rac8 17. Nxd7 Nxd7 18. Ne4 b6 19. Qh5 Qa7 20. Nxc5 bxc5 21. Qe2 Rfd8 22. Qd2 a4 23. b4 cxb4 24. Bxb4 a3 25. Be7 Re8 26. Qb4 Bxa2 27. Qxa3 Qxa3 28. Bxa3 Rxe1+ 29. Rxe1 Be6 30. Bb2 Nc5 31. Rc1 Nxd3 32. Rxc8+ Bxc8 33. Bxd4 Be6 1/2-1/2

[Event "RUS-chT2"]
[Site "Sochi"]
[Date "2008.04.07"]
[Round "5"]
[White "Yatsenko, Alexey"]
[Black "Barbashin, Igor"]
[Result "1-0"]
[WhiteElo "2442"]
[BlackElo "2289"]
[PlyCount "100"]
[EventDate "2008.04.03"]
[EventType "team-tourn"]
[EventRounds "9"]
[EventCountry "RUS"]
[SourceTitle "CBM 123 Extra"]
[Source "ChessBase"]
[SourceDate "2008.05.06"]
[SourceVersion "1"]
[SourceVersionDate "2008.05.06"]
[SourceQuality "1"]

1. Nf3 Nf6 2. c4 d6 3. d4 Nbd7 4. Nc3 e5 5. g3 Be7 6. Bg2 0-0 7. 0-0 Re8 8. Qc2 c6 9. Rd1 Qc7 10. e4 Bf8 11. h3 exd4 12. Nxd4 g6 13. Be3 a5 14. b3 Nc5 15. Re1 Ne6 16. Nxe6 Bxe6 17. f4 d5 18. e5 Nh5 19. Qf2 dxc4 20. g4 Bb4 21. Rec1 Ng7 22. Ne4 cxb3 23. Nf6+ Kh8 24. Qh4 Nh5 25. Nxe8 Rxe8 26. axb3 Ng7 27. Qf2 Bxb3 28. Bb6 Qe7 29. Bxa5 Bxa5 30. Rxa5 Qb4 31. Raa1 Ne6 32. Rf1 Nd4 33. Rab1 Qc5 34. Kh1 b5 35. Rfc1 Bc4 36. Rd1 Rd8 37. Rb2 Qb6 38. f5 c5 39. Qh4 Re8 40. e6 fxe6 41. Qf6+ Kg8 42. fxg6 Qc7 43. gxh7+ Qxh7 44. Qg5+ Qg7 45. Qxc5 Nb3 46. Rxb3 Bxb3 47. Qxb5 Bxd1 48. Qxe8+ Qf8 49. Qxe6+ Qf7 50. Qxf7+ Kxf7 1-0

[Event "RUS-chT2"]
[Site "Sochi"]
[Date "2008.04.05"]
[Round "3"]
[White "Neverov, Anatoly"]
[Black "Yatsenko, Alexey"]
[Result "0-1"]
[WhiteElo "2389"]
[BlackElo "2442"]
[PlyCount "66"]
[EventDate "2008.04.03"]
[EventType "team-tourn"]
[EventRounds "9"]
[EventCountry "RUS"]
[SourceTitle "CBM 123 Extra"]
[Source "ChessBase"]
[SourceDate "2008.05.06"]
[SourceVersion "1"]
[SourceVersionDate "2008.05.06"]
[SourceQuality "1"]

1. e4 d6 2. d4 Nf6 3. Nc3 Nbd7 4. f4 e5 5. dxe5 dxe5 6. fxe5 Nxe5 7. Qxd8+ Kxd8 8. Nf3 Nfd7 9. Bf4 Bd6 10. Bg3 f6 11. 0-0-0 Nf7 12. Bf2 a6 13. Bc4 Nfe5 14. Bb3 Ng4 15. Bg1 Ke8 16. Nd5 Nh6 17. Nh4 b6 18. Kb1 Rb8 19. Be3 g5 20. Nxf6+ Nxf6 21. Bxg5 Nfg4 22. e5 Be7 23. Bxe7 Kxe7 24. Rde1 Nf5 25. Nf3 Bb7 26. h3 Nge3 27. Rhg1 Bxf3 28. gxf3 c5 29. c4 Rhg8 30. Kc1 Ke6 31. Kd2 Rxg1 32. Rxg1 Rd8+ 33. Ke2 Kxe5 0-1

[Event "RUS-chT2"]
[Site "Sochi"]
[Date "2008.04.04"]
[Round "2"]
[White "Gasanov, Eldar"]
[Black "Yatsenko, Alexey"]
[Result "1/2-1/2"]
[WhiteElo "2541"]
[BlackElo "2442"]
[PlyCount "88"]
[EventDate "2008.04.03"]
[EventType "team-tourn"]
[EventRounds "9"]
[EventCountry "RUS"]
[SourceTitle "CBM 123 Extra"]
[Source "ChessBase"]
[SourceDate "2008.05.06"]
[SourceVersion "1"]
[SourceVersionDate "2008.05.06"]
[SourceQuality "1"]

1. d4 d6 2. c4 e5 3. Nf3 e4 4. Ng5 f5 5. Nc3 Nf6 6. Nh3 Be7 7. Nf4 0-0 8. e3 c6 9. Be2 Na6 10. 0-0 Nc7 11. d5 c5 12. a3 g5 13. Nh3 h6 14. Kh1 Nd7 15. b4 Bf6 16. Bb2 Qe7 17. Qd2 Bg7 18. Rae1 b6 19. Ng1 Nf6 20. f3 Bd7 21. fxe4 fxe4 22. Qd1 Qe8 23. Rf2 Qg6 24. Ref1 h5 25. Qa1 Ng4 26. Rxf8+ Rxf8 27. Rxf8+ Bxf8 28. Nd1 Ne8 29. Nh3 Nh6 30. Ndf2 Bg7 31. Bxg7 Nxg7 32. Qb1 Bf5 33. bxc5 dxc5 34. Qb5 Nf7 35. Qa6 Qf6 36. Qxa7 Qc3 37. Qb8+ Kh7 38. Qc7 Bg6 39. Nxe4 Bxe4 40. Qxf7 Qxe3 41. Ng1 g4 42. a4 Bg6 43. Qc7 Be4 44. Qf7 Bg6 1/2-1/2

[Event "Cheliabinsk Spring Cup"]
[Site "Cheliabinsk"]
[Date "2008.03.13"]
[Round "7"]
[White "Krassilnikov, Evgeni"]
[Black "Yatsenko, Alexey"]
[Result "0-1"]
[WhiteElo "2399"]
[BlackElo "2442"]
[PlyCount "92"]
[EventDate "2008.03.06"]
[EventType "tourn"]
[EventRounds "9"]
[EventCountry "RUS"]
[EventCategory "9"]
[SourceTitle "CBM 123 Extra"]
[Source "ChessBase"]
[SourceDate "2008.05.06"]
[SourceVersion "1"]
[SourceVersionDate "2008.05.06"]
[SourceQuality "1"]

1. e4 d6 2. d4 Nf6 3. Nc3 e5 4. dxe5 dxe5 5. Qxd8+ Kxd8 6. Bc4 Ke8 7. Nf3 Bd6 8. Bg5 Nbd7 9. 0-0-0 a6 10. a4 Nb6 11. Bb3 Be6 12. Bxf6 gxf6 13. Nd5 Nxd5 14. Bxd5 Rb8 15. Nh4 Ke7 16. Nf5+ Bxf5 17. exf5 Bc5 18. f3 Rhg8 19. g3 b5 20. axb5 axb5 21. c3 Rg5 22. g4 Rgg8 23. h4 h5 24. gxh5 b4 25. f4 exf4 26. Rhe1+ Be3+ 27. Kc2 Rh8 28. Bf3 Rb5 29. c4 Rxf5 30. Bg4 Rc5 31. Rd7+ Kf8 32. Kb3 Kg7 33. Re2 Kf8 34. Rd8+ Kg7 35. Rd7 Rf8 36. Rg2 Kh6 37. Bf3 Re5 38. Bd5 f3 39. Bxf3 Bc5 40. Bd5 Re3+ 41. Kc2 Re7 42. Rxe7 Bxe7 43. Kd3 f5 44. Rf2 Bxh4 45. Rxf5 f6 46. Bf3 Re8 0-1

[Event "Cheliabinsk Spring Cup"]
[Site "Cheliabinsk"]
[Date "2008.03.12"]
[Round "6"]
[White "Yatsenko, Alexey"]
[Black "Dvoirys, Semen I"]
[Result "1-0"]
[WhiteElo "2442"]
[BlackElo "2549"]
[PlyCount "87"]
[EventDate "2008.03.06"]
[EventType "tourn"]
[EventRounds "9"]
[EventCountry "RUS"]
[EventCategory "9"]
[SourceTitle "CBM 123 Extra"]
[Source "ChessBase"]
[SourceDate "2008.05.06"]
[SourceVersion "1"]
[SourceVersionDate "2008.05.06"]
[SourceQuality "1"]

1. e4 c5 2. Nf3 d6 3. d4 cxd4 4. Nxd4 Nf6 5. Nc3 a6 6. g3 Bg4 7. f3 Bd7 8. Be3 Nc6 9. Qd2 e6 10. g4 Be7 11. 0-0-0 Rc8 12. g5 Nh5 13. Nxc6 Bxc6 14. f4 b5 15. a3 Qa5 16. Qf2 Rb8 17. Be2 Nxf4 18. Qxf4 b4 19. axb4 Rxb4 20. Bd3 0-0 21. Kd2 f5 22. gxf6 Rxf6 23. Qg4 Rxb2 24. Ra1 Qe5 25. Rhg1 Rg6 26. Qf4 Rxg1 27. Rxg1 Bf6 28. Qxe5 Bxe5 29. h3 Rb4 30. Ra1 Bxe4 31. Rxa6 Bxd3 32. Kxd3 Bxc3 33. Kxc3 Re4 34. Kd3 d5 35. Ra7 h5 36. Bd4 e5 37. Bc3 Kf8 38. Rd7 Rh4 39. Bxe5 Rxh3+ 40. Kd4 g5 41. Kxd5 g4 42. Ke6 Kg8 43. Rg7+ Kf8 44. Rh7 1-0

[Event "Moscow op-A 04th"]
[Site "Moscow"]
[Date "2008.02.05"]
[Round "4"]
[White "Yatsenko, Alexey"]
[Black "Andreikin, Dmitry"]
[Result "1/2-1/2"]
[WhiteElo "2442"]
[BlackElo "2573"]
[PlyCount "24"]
[EventDate "2008.02.02"]
[EventType "swiss"]
[EventRounds "9"]
[EventCountry "RUS"]
[SourceTitle "CBM 122 Extra"]
[Source "ChessBase"]
[SourceDate "2008.03.04"]
[SourceVersion "1"]
[SourceVersionDate "2008.03.04"]
[SourceQuality "1"]

1. Nf3 Nf6 2. c4 c5 3. g3 b6 4. Bg2 Bb7 5. 0-0 g6 6. Nc3 Bg7 7. d3 0-0 8. Bg5 h6 9. Bd2 d5 10. cxd5 Nxd5 11. Qc1 Kh7 12. h4 e6 1/2-1/2

[Event "RUS-chT2"]
[Site "Sochi"]
[Date "2007.05.06"]
[Round "4"]
[White "Bazarov, Konstantin"]
[Black "Yatsenko, Alexey"]
[Result "0-1"]
[WhiteElo "2232"]
[BlackElo "2430"]
[PlyCount "112"]
[EventDate "2007.05.03"]
[EventType "team"]
[EventRounds "9"]
[EventCountry "RUS"]
[SourceTitle "CBM 118 Extra"]
[Source "ChessBase"]
[SourceDate "2007.07.04"]
[SourceVersion "1"]
[SourceVersionDate "2007.07.04"]
[SourceQuality "1"]

1. e4 d6 2. d4 Nf6 3. Nc3 Nbd7 4. Bc4 e5 5. Nf3 Be7 6. 0-0 c6 7. a4 0-0 8. Re1 Rb8 9. h3 b6 10. Bg5 a6 11. Bf1 Bb7 12. Qc1 Re8 13. dxe5 dxe5 14. Nh4 h6 15. Bxf6 Nxf6 16. Nf5 Bc5 17. Bd3 Nh5 18. Ne2 Qg5 19. Qxg5 hxg5 20. g3 g6 21. Ne3 Nf6 22. Nc1 Bc8 23. Kg2 b5 24. Nb3 Bb6 25. axb5 axb5 26. Nd2 Nd7 27. Nf3 f6 28. c3 Nc5 29. Bc2 Be6 30. b4 Nb7 31. Red1 Ra8 32. h4 g4 33. Nd2 Bxe3 34. fxe3 c5 35. Bb3 c4 36. Bc2 Red8 37. Nf1 Kf7 38. Kf2 Rxd1 39. Rxa8 Rc1 40. Ra2 Nd6 41. Nd2 Bc8 42. Ra7+ Bb7 43. Ra2 Ke6 44. Rb2 Ra1 45. Kg2 f5 46. Kf2 Kf6 47. Kg2 Rc1 48. Ra2 Nxe4 49. Nxe4+ Bxe4+ 50. Bxe4 fxe4 51. Ra5 Rc2+ 52. Kf1 Rxc3 53. Kf2 Rc2+ 54. Kf1 Rc1+ 55. Kf2 c3 56. Ke2 Rb1 0-1

[Event "Champions Challenge 172nd"]
[Site "Playchess.com INT"]
[Date "2006.11.11"]
[Round "2.1"]
[White "Kiselev, Vitaliy"]
[Black "Yatsenko, Alexey"]
[Result "1-0"]
[WhiteElo "2416"]
[BlackElo "2360"]
[PlyCount "181"]
[EventDate "2006.11.11"]
[EventType "k.o. (blitz)"]
[EventRounds "4"]
[EventCountry "GER"]
[SourceTitle "EXT 2008"]
[Source "ChessBase"]
[SourceDate "2007.11.25"]
[SourceVersion "1"]
[SourceVersionDate "2007.11.25"]
[SourceQuality "1"]

1. d4 Nf6 2. c4 d6 3. Nf3 Bg4 4. Nbd2 Nbd7 5. h3 Bxf3 6. Nxf3 e6 7. g3 Be7 8. Bg2 0-0 9. 0-0 c5 10. dxc5 Nxc5 11. b3 Qc7 12. Bb2 Rfe8 13. Rc1 a6 14. Nd4 Rac8 15. e3 Qb8 16. Qe2 h6 17. Rfd1 Bf8 18. Ba1 Rcd8 19. e4 Rc8 20. Kh2 Ncd7 21. f4 Qc7 22. Bb2 Qa5 23. Bc3 Qh5 24. Qxh5 Nxh5 25. Ne2 Nc5 26. e5 dxe5 27. fxe5 g5 28. b4 Na4 29. Bxb7 Rxc4 30. Bxa6 Nxc3 31. Bxc4 Nxd1 32. Rxd1 Bxb4 33. Rb1 Ba3 34. Rb3 Bc5 35. Rb5 Ba3 36. Rb3 Bc5 37. a4 Ra8 38. Bb5 Rd8 39. a5 Rd2 40. a6 Ra2 41. Kg2 Ng7 42. g4 Kf8 43. Rc3 Bb6 44. Rc8+ Ke7 45. Rb8 Bc5 46. Rb7+ Kf8 47. Rc7 Bb6 48. Rc6 Bd4 49. Bc4 Rc2 50. Kf3 Ba7 51. Ke4 Ne8 52. Kd3 Rb2 53. Nc3 Rb6 54. Rxb6 Bxb6 55. Nb5 Ke7 56. a7 Bxa7 57. Nxa7 f6 58. Nc6+ Kd7 59. exf6 Nxf6 60. Ne5+ Ke7 61. Nf3 Nd7 62. Kd4 Kf6 63. Ke4 Nc5+ 64. Ke3 Nd7 65. Nd2 Ne5 66. Ne4+ Ke7 67. Bb3 h5 68. gxh5 Kf7 69. Nxg5+ Kf6 70. Nxe6 Nf7 71. h4 Nh6 72. Kf4 Nf5 73. Ng5 Nxh4 74. Nf3 Nf5 75. Bc2 Nh6 76. Ng5 Ng8 77. Bb3 Nh6 78. Be6 Kg7 79. Ke5 Kh8 80. Kf6 Nf7 81. Nxf7+ Kh7 82. Kg5 Kg7 83. h6+ Kh7 84. Bf5+ Kg8 85. Ne5 Kh8 86. Kg6 Kg8 87. h7+ Kf8 88. h8Q+ Ke7 89. Qf6+ Ke8 90. Qf7+ Kd8 91. Qd7# 1-0

[Event "Champions Challenge 172nd"]
[Site "Playchess.com INT"]
[Date "2006.11.11"]
[Round "1.3"]
[White "Yatsenko, Alexey"]
[Black "Schowel, Matthias"]
[Result "1-0"]
[WhiteElo "2360"]
[BlackElo "2238"]
[PlyCount "109"]
[EventDate "2006.11.11"]
[EventType "k.o. (blitz)"]
[EventRounds "4"]
[EventCountry "GER"]
[SourceTitle "EXT 2008"]
[Source "ChessBase"]
[SourceDate "2007.11.25"]
[SourceVersion "1"]
[SourceVersionDate "2007.11.25"]
[SourceQuality "1"]

1. Nf3 d5 2. c4 e6 3. g3 Nf6 4. Bg2 Be7 5. 0-0 0-0 6. b3 c6 7. Bb2 h6 8. d3 Nbd7 9. Nc3 Re8 10. Qc2 Bb4 11. a3 Bxc3 12. Bxc3 Nf8 13. e3 Ng6 14. Rfd1 Bd7 15. b4 Rc8 16. Qb2 Kh7 17. h4 Rg8 18. a4 Nh5 19. b5 Nf8 20. Ne5 Be8 21. Rac1 f6 22. Nf3 g5 23. hxg5 fxg5 24. Ne5 Ng6 25. bxc6 bxc6 26. Nxg6 Bxg6 27. Be5 Qe7 28. c5 Ng7 29. Qc3 Rgf8 30. Bd6 Qf7 31. Bxf8 Rxf8 32. Rd2 h5 33. Qe5 Bf5 34. Rb1 h4 35. g4 Bxg4 36. Qxg5 Bh5 37. e4 Ne8 38. Qxh4 Rg8 39. f3 Qxf3 40. Rf2 Qg4 41. Rb7+ Kh6 42. Qxg4 Rxg4 43. Rxa7 Rg3 44. Re7 Ng7 45. Rf6+ Bg6 46. exd5 cxd5 47. c6 Rxd3 48. c7 Rc3 49. Rf8 Ne8 50. Rfxe8 Bxe8 51. Rxe8 Rxc7 52. Rxe6+ Kg5 53. Bxd5 Ra7 54. Bc6 Kf4 55. Bb5 1-0

[Event "Champions Challenge 141st"]
[Site "Playchess.com INT"]
[Date "2006.04.08"]
[Round "2.1"]
[White "Rodshtein, Maxim"]
[Black "Yatsenko, Alexey"]
[Result "1-0"]
[WhiteElo "2494"]
[BlackElo "2340"]
[PlyCount "77"]
[EventDate "2006.04.08"]
[EventType "k.o. (blitz)"]
[EventRounds "5"]
[EventCountry "GER"]
[SourceTitle "EXT 2007"]
[Source "ChessBase"]
[SourceDate "2006.11.23"]
[SourceVersion "1"]
[SourceVersionDate "2006.11.23"]
[SourceQuality "1"]

1. d4 Nf6 2. c4 d6 3. Nc3 e5 4. Nf3 Nbd7 5. e4 Be7 6. Be2 0-0 7. 0-0 Re8 8. Qc2 Bf8 9. Rd1 c6 10. d5 h6 11. a3 g5 12. g3 a5 13. Rb1 cxd5 14. cxd5 Nc5 15. b4 axb4 16. axb4 Na6 17. Nd2 Bd7 18. Nc4 Rc8 19. Qd3 Qc7 20. Bd2 Ra8 21. Be3 Qd8 22. Nb6 Rb8 23. Nxd7 Nxd7 24. Rdc1 Rc8 25. Bg4 Qe7 26. Qb5 Rc7 27. Na4 Nf6 28. Bf5 Ra8 29. Bb6 Rxc1+ 30. Rxc1 h5 31. Ba5 h4 32. Nb6 Qe8 33. Qxe8 Rxe8 34. Rc8 Be7 35. Rxe8+ Nxe8 36. Bc8 Bd8 37. Bxb7 Bxb6 38. Bxa6 Bxa5 39. bxa5 1-0

[Event "EU-ch U18"]
[Site "Urgup"]
[Date "2004.07.??"]
[Round "7"]
[White "Ronchetti, Niccolo"]
[Black "Yatsenko, Alexey"]
[Result "1-0"]
[WhiteElo "2216"]
[BlackElo "2342"]
[PlyCount "105"]
[EventDate "2004.08.??"]
[EventType "swiss"]
[EventRounds "9"]
[EventCountry "TUR"]
[SourceTitle "EXT 2005"]
[Source "ChessBase"]
[SourceDate "2004.11.15"]
[SourceVersion "1"]
[SourceVersionDate "2004.11.15"]
[SourceQuality "1"]

1. e4 d6 2. d4 Nf6 3. Nc3 Nbd7 4. Bc4 e5 5. Nf3 Be7 6. 0-0 c6 7. a4 0-0 8. Re1 exd4 9. Nxd4 Ne5 10. Bb3 Re8 11. f4 Ng6 12. Nf3 d5 13. exd5 Bc5+ 14. Kf1 Rxe1+ 15. Qxe1 Bg4 16. Be3 Bd6 17. Qg3 Qc7 18. dxc6 bxc6 19. Ne4 Nxe4 20. Qxg4 Nf6 21. Qf5 Ne7 22. Qd3 Ned5 23. g3 h6 24. Bd4 Re8 25. Re1 Rd8 26. Qe2 Qb7 27. Bxf6 Nxf6 28. Nh4 Bf8 29. Rd1 Re8 30. Qf3 Qa6+ 31. Qd3 Qc8 32. Qf5 Qa6+ 33. Qd3 Qb6 34. Qd4 Bc5 35. Qd3 Qb7 36. Re1 Rb8 37. Nf5 Qc7 38. Nxh6+ Kf8 39. Qf5 Bb4 40. Rd1 Qa5 41. Qxa5 Bxa5 42. Nf5 g6 43. Nd4 Rc8 44. Nf3 Bb6 45. Ne5 Rc7 46. Rd6 Ne4 47. Rxc6 Rb7 48. Rc8+ Kg7 49. Bd5 Re7 50. Bxe4 f6 51. Nc4 Rxe4 52. a5 Bd4 53. c3 1-0

[Event "EU-ch U18"]
[Site "Urgup"]
[Date "2004.07.??"]
[Round "2"]
[White "Yatsenko, Alexey"]
[Black "Polatel, Ali"]
[Result "1/2-1/2"]
[WhiteElo "2342"]
[BlackElo "2151"]
[PlyCount "85"]
[EventDate "2004.08.??"]
[EventType "swiss"]
[EventRounds "9"]
[EventCountry "TUR"]
[SourceTitle "EXT 2005"]
[Source "ChessBase"]
[SourceDate "2004.11.15"]
[SourceVersion "1"]
[SourceVersionDate "2004.11.15"]
[SourceQuality "1"]

1. Nf3 Nf6 2. c4 g6 3. b4 Bg7 4. Bb2 d6 5. g3 Nbd7 6. Bg2 e5 7. 0-0 0-0 8. d3 c6 9. Qb3 Re8 10. Nbd2 Qc7 11. e3 Nf8 12. a4 a5 13. bxa5 Rxa5 14. Bc3 Ra6 15. a5 Ne6 16. Ne1 h5 17. h4 Ng4 18. Qb2 f5 19. Nc2 Nc5 20. Nb4 Ra8 21. d4 exd4 22. exd4 Ne4 23. Rae1 Ngf6 24. Nxe4 Nxe4 25. f3 Nf6 26. d5 Rf8 27. Nd3 cxd5 28. Nf4 dxc4 29. Nxg6 Rf7 30. Qd2 Kh7 31. Nf4 b5 32. Kh1 d5 33. Bxf6 Bxf6 34. Nxd5 Qxg3 35. Nxf6+ Rxf6 36. Re7+ Kg6 37. Qd5 Qxh4+ 38. Kg1 Rf8 39. Rfe1 Ra6 40. Qe5 Qf6 41. Qg3+ Kh6 42. Qf4+ Kg6 43. Qg3+ 1/2-1/2

[Event "RUS-ch U18"]
[Site "Dagomys"]
[Date "2004.04.??"]
[Round "7"]
[White "Buslov, Ivan"]
[Black "Yatsenko, Alexey"]
[Result "0-1"]
[WhiteElo "2154"]
[BlackElo "2286"]
[PlyCount "56"]
[EventDate "2004.04.??"]
[EventType "swiss"]
[EventRounds "10"]
[EventCountry "RUS"]
[SourceTitle "EXT 2005"]
[Source "ChessBase"]
[SourceDate "2004.11.15"]
[SourceVersion "1"]
[SourceVersionDate "2004.11.15"]
[SourceQuality "1"]

1. e4 d6 2. d4 Nf6 3. Nc3 e5 4. dxe5 dxe5 5. Qxd8+ Kxd8 6. Nf3 Bd6 7. Bg5 Be6 8. 0-0-0 Nbd7 9. Be2 Ke7 10. Nb5 h6 11. Bxf6+ Nxf6 12. Nxd6 cxd6 13. Bd3 Bg4 14. Rhe1 Rac8 15. Re3 Rc7 16. h3 Bxf3 17. Rxf3 g5 18. Re3 Rg8 19. g3 h5 20. Be2 h4 21. Rg1 Rg6 22. Rd1 hxg3 23. fxg3 Rh6 24. Rh1 Rc8 25. Bf1 Nd7 26. Bg2 Nc5 27. Rf1 Rf6 28. Ree1 Nd3+ 0-1

[Event "Moscow Aeroflot op-B"]
[Site "Moscow"]
[Date "2004.02.18"]
[Round "2"]
[White "Nachev, Stanislav"]
[Black "Yatsenko, Alexey"]
[Result "1-0"]
[WhiteElo "2398"]
[BlackElo "2286"]
[PlyCount "103"]
[EventDate "2004.02.17"]
[EventType "swiss"]
[EventRounds "9"]
[EventCountry "RUS"]
[SourceTitle "EXT 2005"]
[Source "ChessBase"]
[SourceDate "2004.11.15"]
[SourceVersion "1"]
[SourceVersionDate "2004.11.15"]
[SourceQuality "1"]

1. d4 Nf6 2. c4 g6 3. Nc3 c5 4. d5 d6 5. e4 Bg7 6. Bd3 Na6 7. Nge2 Nc7 8. 0-0 0-0 9. Ng3 a6 10. h3 Rb8 11. a4 b6 12. Rb1 e6 13. Bg5 h6 14. Be3 b5 15. dxe6 Bxe6 16. cxb5 c4 17. Be2 axb5 18. axb5 Nxb5 19. Qd2 h5 20. Bg5 Qb6 21. Nd5 Bxd5 22. exd5 Rfc8 23. Rfc1 Qd4 24. Qxd4 Nxd4 25. Bxc4 h4 26. Bxh4 Rb4 27. Bxf6 Bxf6 28. b3 Be5 29. Rd1 Nb5 30. Bxb5 Rxb5 31. Rd3 Bxg3 32. fxg3 Rcc5 33. g4 Kf8 34. Rb2 Rxd5 35. Rxd5 Rxd5 36. b4 Ke7 37. b5 Kd8 38. b6 Kc8 39. Rf2 f5 40. gxf5 gxf5 41. Rb2 Kb7 42. Kf2 Rd3 43. Rb1 Rc3 44. h4 Rc5 45. g3 d5 46. Kf3 Rc2 47. Rb4 Rh2 48. Rb3 Rh1 49. Kf4 Rf1+ 50. Rf3 Rh1 51. Ke5 Kc6 52. Rb3 1-0

[Event "Arctic Cup U16"]
[Site "Salekhard"]
[Date "2003.10.10"]
[Round "7"]
[White "Yatsenko, Alexey"]
[Black "Zebisch, Paul"]
[Result "1-0"]
[WhiteElo "2269"]
[BlackElo "1954"]
[PlyCount "95"]
[EventDate "2003.10.05"]
[EventType "team-tourn"]
[EventRounds "9"]
[EventCountry "RUS"]
[SourceTitle "CBM 096 Extra"]
[Source "ChessBase"]
[SourceDate "2003.10.22"]
[SourceVersion "2"]
[SourceVersionDate "2003.10.20"]
[SourceQuality "1"]

1. c4 Nf6 2. Nf3 g6 3. b4 Bg7 4. Bb2 d6 5. e3 0-0 6. Be2 c6 7. 0-0 Bg4 8. d3 Nbd7 9. Qb3 Qc7 10. Nbd2 e5 11. h3 Bxf3 12. Bxf3 Ne8 13. Rac1 Kh8 14. b5 Nc5 15. Qa3 f5 16. bxc6 bxc6 17. d4 Nd7 18. dxe5 Nxe5 19. Be2 Rb8 20. Bc3 Nf6 21. Rfd1 Nf7 22. Nf3 Ne4 23. Bxg7+ Kxg7 24. Nd4 Rfe8 25. Bf1 Nc5 26. Nb3 Nxb3 27. axb3 Qb6 28. Rd3 Qc5 29. Qa1+ Kg8 30. h4 Ne5 31. Rdc3 Re7 32. Be2 Reb7 33. Qa2 Rb4 34. Rd1 a5 35. f4 Nf7 36. Bf3 Qb6 37. c5 dxc5 38. Rdd3 Rb7 39. Kh2 Ra7 40. Qc2 Rb7 41. Rxc5 Rxb3 42. Rxc6 Qb5 43. Rxb3 Qxb3 44. Rc8+ Kg7 45. Bxb7 Qxb7 46. Qc3+ Kh6 47. Rc7 Qd5 48. Qf6 1-0